000
00336 a2200157 4500
001
74616
020
_a
9788538024781
040
_c
Anchieta - Colégio São Paulo
240
1
0
_a
Japão
_l
por
245
1
0
_a
Japão
300
_a
35
362
0
_a
2011
440
1
_a
Ciranda Cultural
650
4
_a
Literatura infanto-juvenil
942
_c
BK
999
_c
74616
_d
74616